[Event "Ayrshire & Arran Chess Congress"]
[Site "Ayr"]
[Date "2014.05.25"]
[Round "4"]
[White "Will, Douglas"]
[Black "Marks, Ian"]
[Result "1-0"]
[WhiteElo "1912"]
[BlackElo "2040"]
[PlyCount "99"]
[EventDate "2014.05.04"]
[EventType "swiss"]
[EventRounds "5"]
[EventCountry "SCO"]

1. e4 e6 2. f4 d5 3. Nc3 dxe4 4. Nxe4 Nf6 5. Nxf6+ gxf6 6. g3 c5 7. Bg2 Nc6 8.
Bxc6+ bxc6 9. Qe2 Qd5 10. Nf3 a5 11. c4 Qd6 12. b3 Bg7 13. Bb2 O-O 14. O-O a4
15. Qf2 axb3 16. axb3 Rxa1 17. Rxa1 Qd3 18. Qe3 Qxe3+ 19. dxe3 Rd8 20. Ra8 Re8
21. Kf2 Bd7 22. Rxe8+ Bxe8 23. Ba3 Bf8 24. Nd2 f5 25. Nb1 f6 26. Nc3 e5 27. Na4
Kf7 28. Bxc5 Bxc5 29. Nxc5 Ke7 30. Ke2 e4 31. Kd2 Kd6 32. b4 Bf7 33. Kc3 Bh5
34. Nb3 Be8 35. Nd4 Bd7 36. Kb3 c5 37. bxc5+ Kxc5 38. Kc3 Bc8 39. Nb3+ Kc6 40.
Kb4 Kb6 41. c5+ Kc7 42. Nd4 Bd7 43. Ka5 Kb7 44. Kb4 Kc7 45. Kc4 Bc8 46. Kd5 Bd7
47. c6 Bc8 48. Kc5 h5 49. Nb5+ Kd8 50. Kd6 1-0

[Event "Ayrshire & Arran Chess Congress"]
[Site "Ayr"]
[Date "2014.05.25"]
[Round "4"]
[White "Smith, Peter R"]
[Black "Jelfs, Alan"]
[Result "1-0"]
[WhiteElo "1898"]
[BlackElo "1922"]
[PlyCount "69"]
[EventDate "2014.05.04"]
[EventType "swiss"]
[EventRounds "5"]
[EventCountry "SCO"]

1. e4 e5 2. Nf3 Nc6 3. Bb5 a6 4. Ba4 Nf6 5. O-O Nxe4 6. d4 b5 7. Bb3 d5 8. Nxe5
Nxe5 9. dxe5 c6 10. c3 Bc5 11. Nd2 Nxf2 12. Rxf2 O-O 13. Nf3 Bxf2+ 14. Kxf2 f6
15. exf6 Qxf6 16. Qd4 Qxd4+ 17. cxd4 Bg4 18. Bd2 Bxf3 19. gxf3 Rf6 20. Rc1 Raf8
21. f4 Kh8 22. Bc2 g5 23. f5 h6 24. Re1 Kg7 25. Bb4 Rg8 26. Be7 Rf7 27. f6+
Rxf6+ 28. Bxf6+ Kxf6 29. Re5 Rc8 30. Kg3 c5 31. Rxd5 cxd4 32. Bb3 Rc6 33. Rxd4
Ke5 34. Rd8 a5 35. Rd5+ 1-0

[Event "Ayrshire & Arran Chess Congress"]
[Site "Ayr"]
[Date "2014.05.25"]
[Round "4"]
[White "McPheator, Gary"]
[Black "Pannwitz, Kai"]
[Result "0-1"]
[WhiteElo "1690"]
[BlackElo "1656"]
[PlyCount "72"]
[EventDate "2014.05.04"]
[EventType "swiss"]
[EventRounds "5"]
[EventCountry "SCO"]

1. e4 c5 2. g3 Nc6 3. Bg2 e6 4. f4 d6 5. Nf3 Nf6 6. d3 Be7 7. O-O Bd7 8. c3 c4
9. d4 Nxe4 10. d5 Qb6+ 11. Kh1 exd5 12. Nd4 Nxd4 13. cxd4 Bf6 14. Nc3 Qxd4 15.
Bxe4 dxe4 16. Qe2 O-O 17. Rd1 Qc5 18. Be3 Qa5 19. Rxd6 Be6 20. Rxe6 fxe6 21.
Qxc4 Bxc3 22. bxc3 Qd5 23. Qa4 Rfd8 24. Kg1 e5 25. fxe5 Qxe5 26. Bd4 Qd5 27.
Qd1 Qf5 28. Qb3+ Qd5 29. Qd1 Rd7 30. Qg4 Rf7 31. Rf1 Raf8 32. Rf4 Qxa2 33. Qg5
Qe6 34. Be3 a5 35. Qxa5 Rxf4 36. gxf4 Qg4+ 0-1

[Event "Ayrshire & Arran Chess Congress"]
[Site "Ayr"]
[Date "2014.05.25"]
[Round "4"]
[White "Robinson, Stephen"]
[Black "Wynarczyk, Raymond"]
[Result "1/2-1/2"]
[WhiteElo "1802"]
[BlackElo "1968"]
[PlyCount "69"]
[EventDate "2014.05.04"]
[EventType "swiss"]
[EventRounds "5"]
[EventCountry "SCO"]

1. d4 d5 2. Nc3 Nf6 3. Bg5 Nbd7 4. Qd3 e6 5. e4 dxe4 6. Nxe4 Be7 7. Nxf6+ Nxf6
8. Nf3 O-O 9. Bxf6 Bxf6 10. O-O-O c5 11. Qe4 Qa5 12. Bd3 g6 13. Kb1 cxd4 14.
Nxd4 Bd7 15. Rhe1 Rfd8 16. Nb3 Qb6 17. Qe3 Qxe3 18. Rxe3 Bc6 19. g3 a5 20. Nd2
b5 21. f4 b4 22. Ne4 Bg7 23. Rf1 Rd4 24. Ng5 Rad8 25. Nf3 R4d6 26. Ne5 Bb5 27.
Ree1 Bxe5 28. Bxb5 Bf6 29. Bd3 Rd4 30. Re2 a4 31. Rfe1 h6 32. Re4 g5 33. Rxd4
Rxd4 34. f5 e5 35. a3 1/2-1/2

[Event "Ayrshire & Arran Chess Congress"]
[Site "Ayr"]
[Date "2014.05.25"]
[Round "4"]
[White "Sreeves, Clement"]
[Black "Abdulla, Murad"]
[Result "1-0"]
[WhiteElo "2248"]
[BlackElo "1834"]
[PlyCount "43"]
[EventDate "2014.05.04"]
[EventType "swiss"]
[EventRounds "5"]
[EventCountry "SCO"]

1. b3 d5 2. Bb2 Bf5 3. Nf3 e6 4. g3 Nf6 5. Bg2 Nbd7 6. d3 h6 7. O-O Bd6 8. Nbd2
c6 9. e4 Bg4 10. h3 Bxf3 11. Nxf3 Qc7 12. Qe2 dxe4 13. dxe4 Bc5 14. e5 Nd5 15.
Nd2 Bb4 16. Nc4 O-O 17. Rad1 Rfd8 18. Rd3 N7b6 19. Nd6 Bxd6 20. exd6 Qxd6 21.
c4 Nf4 22. Qg4 1-0

[Event "Ayrshire & Arran Chess Congress"]
[Site "Ayr"]
[Date "2014.05.25"]
[Round "4"]
[White "Giulian, Philip M"]
[Black "Thomson, Neil"]
[Result "0-1"]
[WhiteElo "2174"]
[BlackElo "1836"]
[PlyCount "56"]
[EventDate "2014.05.04"]
[EventType "swiss"]
[EventRounds "5"]
[EventCountry "SCO"]

1. d4 Nf6 2. c4 g6 3. Nc3 Bg7 4. e4 d6 5. f3 O-O 6. Be3 c5 7. Nge2 Qa5 8. Qd2
Nc6 9. d5 Ne5 10. Nc1 a6 11. Qc2 Nh5 12. Nb3 Qd8 13. Be2 f5 14. f4 Nf7 15. exf5
Bxf5 16. Qd1 e5 17. dxe6 Bxe6 18. O-O Nf6 19. Qd2 Qe7 20. Rfe1 Rad8 21. Bf3 Qd7
22. Nd5 Bxd5 23. cxd5 Ng4 24. Bxg4 Qxg4 25. Na5 Nh6 26. h3 Qg3 27. Rab1 g5 28.
fxg5 Be5 0-1

[Event "Ayrshire & Arran Chess Congress"]
[Site "Ayr"]
[Date "2014.05.25"]
[Round "4"]
[White "Tsang, Sai Kong"]
[Black "White, Stuart A"]
[Result "0-1"]
[WhiteElo "1856"]
[BlackElo "1930"]
[PlyCount "74"]
[EventDate "2014.05.04"]
[EventType "swiss"]
[EventRounds "5"]
[EventCountry "SCO"]

1. d4 e6 2. g3 f5 3. Bg2 Nf6 4. c4 Be7 5. Nf3 O-O 6. O-O d6 7. Nc3 Ne4 8. Nxe4
fxe4 9. Ne1 d5 10. Be3 Nc6 11. Rc1 Rb8 12. f3 dxc4 13. fxe4 Rxf1+ 14. Kxf1 b5
15. b3 Ba3 16. Rb1 c3 17. Nc2 Be7 18. d5 Qf8+ 19. Kg1 Nb4 20. Nxb4 Bxb4 21. Bd4
Bc5 22. Qd3 e5 23. Bxc5 Qxc5+ 24. e3 b4 25. Bf1 Bd7 26. Re1 Rf8 27. Kg2 a5 28.
Be2 Qd6 29. Qc4 Qh6 30. Bd3 Qf6 31. Rf1 Qd6 32. Re1 h5 33. Be2 h4 34. g4 Qh6
35. Bf1 h3+ 36. Kg3 g5 37. Be2 Qh4# 0-1

[Event "Ayrshire & Arran Chess Congress"]
[Site "Ayr"]
[Date "2014.05.25"]
[Round "4"]
[White "Thomas, Daniel R"]
[Black "Koehn, Lennart"]
[Result "1/2-1/2"]
[WhiteElo "1758"]
[BlackElo "1678"]
[PlyCount "91"]
[EventDate "2014.05.04"]
[EventType "swiss"]
[EventRounds "5"]
[EventCountry "SCO"]

1. d4 Nf6 2. c4 c5 3. d5 e6 4. Nc3 exd5 5. cxd5 d6 6. e4 g6 7. Nf3 Bg4 8. Be2
Bg7 9. O-O O-O 10. Nd2 Bxe2 11. Qxe2 a6 12. a4 Nbd7 13. Nc4 Ne8 14. Bf4 Nb6 15.
Rfe1 Nxc4 16. Qxc4 f6 17. Rab1 Rf7 18. b4 Rc7 19. b5 a5 20. b6 Rf7 21. Nd1 Ra6
22. Qb5 Re7 23. Bd2 Kf8 24. f3 f5 25. exf5 Bd4+ 26. Kf1 Rxe1+ 27. Bxe1 gxf5 28.
Bxa5 Qh4 29. h3 Ra8 30. Be1 Qe7 31. a5 Nf6 32. Qd3 f4 33. Qf5 Re8 34. Bf2 Qe2+
35. Kg1 Qe1+ 36. Kh2 Bxf2 37. Nxf2 Qxf2 38. Qxf6+ Kg8 39. Qg5+ Kh8 40. Qxf4 Qa2
41. Qf6+ Kg8 42. Rb2 Qxd5 43. a6 bxa6 44. b7 Rb8 45. Re2 Qf7 46. Qxd6 1/2-1/2

[Event "Ayrshire & Arran Chess Congress"]
[Site "Ayr"]
[Date "2014.05.25"]
[Round "4"]
[White "Berry, Neil M"]
[Black "Oswald, David C"]
[Result "0-1"]
[WhiteElo "2242"]
[BlackElo "2148"]
[PlyCount "82"]
[EventDate "2014.05.04"]
[EventType "swiss"]
[EventRounds "5"]
[EventCountry "SCO"]

1. d4 Nc6 2. d5 Ne5 3. e4 e6 4. dxe6 fxe6 5. Nc3 b6 6. Nf3 Ng6 7. h4 Bb7 8. h5
N6e7 9. Bg5 Qc8 10. Qd2 h6 11. Bh4 Nc6 12. O-O-O Be7 13. Bd3 Nb4 14. e5 Bxh4
15. Bg6+ Kd8 16. Rxh4 Nd5 17. Nxd5 Bxd5 18. c4 Bxf3 19. gxf3 c5 20. Bf7 Qc6 21.
Bg6 Qc7 22. Be4 Rb8 23. Rg4 Ne7 24. Rxg7 b5 25. Qf4 Re8 26. Rxe7 Rxe7 27. Bg6
Kc8 28. Qf8+ Qd8 29. Qxh6 bxc4 30. Qd2 Rg7 31. f4 Qc7 32. Be4 Rg8 33. h6 Rh8
34. h7 c3 35. bxc3 Rb6 36. Rg1 Qd8 37. Qe3 Qf8 38. Qg3 Kc7 39. Qg7 Qxf4+ 40.
Kd1 Qxe4 41. Qxh8 Qd3+ 0-1

[Event "Ayrshire & Arran Chess Congress"]
[Site "Ayr"]
[Date "2014.05.25"]
[Round "5"]
[White "Oswald, David C"]
[Black "Sreeves, Clement"]
[Result "0-1"]
[WhiteElo "2148"]
[BlackElo "2248"]
[PlyCount "66"]
[EventDate "2014.05.04"]
[EventType "swiss"]
[EventRounds "5"]
[EventCountry "SCO"]

1. Nf3 Nf6 2. g3 g6 3. Bg2 Bg7 4. O-O O-O 5. c4 d6 6. Nc3 Nc6 7. Rb1 a5 8. a3
e5 9. b4 axb4 10. axb4 Nh5 11. b5 Ne7 12. d3 f5 13. Bg5 h6 14. Bxe7 Qxe7 15.
Nd5 Qd8 16. Nd2 Rb8 17. Qa4 Be6 18. Qc2 Rf7 19. Ra1 Kh7 20. Ra7 f4 21. Nb4 e4
22. Nxe4 Bd4 23. Ra2 Qd7 24. Qc1 Bh3 25. Nc2 Bb6 26. d4 Bxg2 27. Kxg2 Qe6 28.
Nd2 fxg3 29. hxg3 Nf4+ 30. gxf4 Qg4+ 31. Kh1 Rf5 32. Nf3 Rh5+ 33. Nh2 Qh3 0-1

[Event "Ayrshire & Arran Chess Congress"]
[Site "Ayr"]
[Date "2014.05.25"]
[Round "5"]
[White "Turner, Matthew"]
[Black "Edwards, Jonathan"]
[Result "1-0"]
[WhiteElo "2530"]
[BlackElo "1994"]
[PlyCount "67"]
[EventDate "2014.05.04"]
[EventType "swiss"]
[EventRounds "5"]
[EventCountry "SCO"]

1. c4 Nf6 2. Nc3 g6 3. g3 Bg7 4. Bg2 O-O 5. e4 d6 6. Nge2 c5 7. O-O Nc6 8. d3
Ne8 9. Be3 Nc7 10. d4 cxd4 11. Nxd4 Ne6 12. Nde2 Ne5 13. b3 Ng4 14. Bd2 Bd7 15.
h3 Nf6 16. e5 dxe5 17. Bxb7 Nd4 18. Bg2 Bxh3 19. Be3 Bxg2 20. Kxg2 Ng4 21. Nxd4
exd4 22. Qxg4 dxc3 23. Rh1 Qc8 24. Qe4 Qe6 25. Qxe6 fxe6 26. Kf1 a5 27. Ke2 a4
28. b4 Rfc8 29. c5 a3 30. Rab1 c2 31. Rb3 Bb2 32. Kd3 c1=N+ 33. Bxc1 Rd8+ 34.
Ke2 1-0

[Event "Ayrshire & Arran Chess Congress"]
[Site "Ayr"]
[Date "2014.05.25"]
[Round "5"]
[White "Mannion, Stephen R"]
[Black "Thomson, Neil"]
[Result "1-0"]
[WhiteElo "2370"]
[BlackElo "1836"]
[PlyCount "69"]
[EventDate "2014.05.04"]
[EventType "swiss"]
[EventRounds "5"]
[EventCountry "SCO"]

1. e4 c5 2. Nf3 d6 3. d4 cxd4 4. Nxd4 Nf6 5. Nc3 g6 6. Be3 a6 7. f3 Bg7 8. Qd2
Nbd7 9. Bc4 h5 10. O-O-O b5 11. Bb3 Bb7 12. h4 Rc8 13. Kb1 Ne5 14. Bg5 Nc4 15.
Bxc4 Rxc4 16. Nde2 b4 17. Nd5 Bxd5 18. exd5 Qc7 19. Rhe1 O-O 20. Nf4 Rc8 21.
Re2 Nd7 22. Nd3 Rd4 23. Rxe7 Rxd5 24. Qe2 Qc4 25. Re4 Rd4 26. Re8+ Kh7 27. Rxc8
Qxc8 28. Be3 Rc4 29. Nf4 Qc6 30. Nh3 Ne5 31. Ng5+ Kg8 32. f4 Ng4 33. Bc1 Rc5
34. Qe7 Rf5 35. Rxd6 1-0

[Event "Ayrshire & Arran Chess Congress"]
[Site "Ayr"]
[Date "2014.05.25"]
[Round "5"]
[White "White, Stuart A"]
[Black "Roberts, Paul E"]
[Result "1-0"]
[WhiteElo "1930"]
[BlackElo "2166"]
[PlyCount "44"]
[EventDate "2014.05.04"]
[EventType "swiss"]
[EventRounds "5"]
[EventCountry "SCO"]

1. d4 e6 2. e4 d5 3. Nc3 Nc6 4. e5 f6 5. Bd3 Qe7 6. Nf3 Bd7 7. a3 Qf7 8. b4 a6
9. Qe2 Nge7 10. O-O h6 11. b5 axb5 12. Nxb5 Kd8 13. Bd2 g5 14. exf6 Qxf6 15.
Ne5 Nxe5 16. dxe5 Qg7 17. Rab1 Nc6 18. Rfe1 Bc5 19. Be3 Qe7 20. c4 d4 21. Bd2
Rf8 22. h4 Qg7 1-0

[Event "Ayrshire & Arran Chess Congress"]
[Site "Ayr"]
[Date "2014.05.25"]
[Round "5"]
[White "Doyle, James"]
[Black "Giulian, Philip M"]
[Result "1/2-1/2"]
[WhiteElo "1906"]
[BlackElo "2174"]
[PlyCount "46"]
[EventDate "2014.05.04"]
[EventType "swiss"]
[EventRounds "5"]
[EventCountry "SCO"]

1. e4 d6 2. d4 Nf6 3. Nc3 g6 4. f3 a6 5. Be3 b5 6. a3 Nbd7 7. Nge2 Nb6 8. Ng3
Bg7 9. Qd2 h5 10. h4 c6 11. Be2 Qc7 12. Kf2 c5 13. dxc5 dxc5 14. Bf4 e5 15. Be3
Be6 16. Rad1 O-O 17. Qd6 Rfc8 18. Qxc7 Rxc7 19. Rd6 Nbd7 20. Rhd1 Bf8 21. R6d2
Be7 22. Nf1 Kg7 23. g3 Nb6 1/2-1/2

[Event "Ayrshire & Arran Chess Congress"]
[Site "Ayr"]
[Date "2014.05.25"]
[Round "5"]
[White "Wynarczyk, Raymond"]
[Black "Berry, Neil M"]
[Result "0-1"]
[WhiteElo "1968"]
[BlackElo "2242"]
[PlyCount "45"]
[EventDate "2014.05.04"]
[EventType "swiss"]
[EventRounds "5"]
[EventCountry "SCO"]

1. e4 e6 2. d4 d5 3. Nc3 Bb4 4. e5 c5 5. Bd2 Nh6 6. a3 Bxc3 7. bxc3 Nf5 8. Nf3
O-O 9. Bd3 b6 10. O-O Ba6 11. Qe2 Bxd3 12. Qxd3 h6 13. Ne1 Nc6 14. Be3 Rc8 15.
Qd2 Na5 16. Nd3 cxd4 17. cxd4 Qh4 18. Nf4 Nc4 19. Qe2 Nxd4 20. Qd3 Nxc2 21. g3
Qe7 22. Rac1 Nxe5 23. Qa6 0-1

[Event "Ayrshire & Arran Chess Congress"]
[Site "Ayr"]
[Date "2014.05.25"]
[Round "5"]
[White "Brown, Steven A"]
[Black "Smith, Peter R"]
[Result "1/2-1/2"]
[WhiteElo "1942"]
[BlackElo "1898"]
[PlyCount "76"]
[EventDate "2014.05.04"]
[EventType "swiss"]
[EventRounds "5"]
[EventCountry "SCO"]

1. d4 Nf6 2. Nf3 b6 3. g3 Bb7 4. Bg2 g6 5. O-O Bg7 6. c4 O-O 7. Nc3 Ne4 8. Qc2
Nxc3 9. bxc3 d6 10. Rd1 Qe8 11. e4 Nd7 12. h3 e5 13. d5 Nc5 14. a4 a5 15. Be3
Rd8 16. Bxc5 dxc5 17. Nd2 f5 18. Nb1 f4 19. g4 Qe7 20. f3 Bf6 21. Na3 Ba6 22.
Bf1 Rd6 23. Nb5 Bxb5 24. cxb5 Bh4 25. Bg2 Bg3 26. c4 Qh4 27. Kf1 h5 28. Ke2 Bf2
29. Rf1 Bd4 30. Ra2 Kg7 31. Kd3 Qg3 32. Qe2 hxg4 33. hxg4 Rh8 34. Rh1 Rxh1 35.
Bxh1 Rd8 36. Rc2 Rh8 37. Bg2 Rh2 38. Rd2 Be3 1/2-1/2

[Event "Ayrshire & Arran Chess Congress"]
[Site "Ayr"]
[Date "2014.05.25"]
[Round "5"]
[White "Abdulla, Murad"]
[Black "Will, Douglas"]
[Result "1-0"]
[WhiteElo "1834"]
[BlackElo "1912"]
[PlyCount "53"]
[EventDate "2014.05.04"]
[EventType "swiss"]
[EventRounds "5"]
[EventCountry "SCO"]

1. e4 e5 2. Nf3 Nc6 3. d4 exd4 4. Bc4 Nf6 5. e5 Ng4 6. Bxf7+ Kxf7 7. Ng5+ Kg8
8. Qxg4 d6 9. Qf3 Be6 10. Nxe6 Qe7 11. Qd5 Nb4 12. Qb3 d5 13. Nxd4 Qxe5+ 14.
Qe3 Qxe3+ 15. fxe3 c5 16. a3 cxd4 17. axb4 Re8 18. Kf2 dxe3+ 19. Bxe3 Bxb4 20.
c3 Bd6 21. Nd2 Kf7 22. Nf3 Rhf8 23. Rhd1 Kg8 24. h3 Rf6 25. Rxa7 Rg6 26. Kf1
Bg3 27. Bf2 1-0

[Event "Ayrshire & Arran Chess Congress"]
[Site "Ayr"]
[Date "2014.05.25"]
[Round "5"]
[White "Robinson, Stephen"]
[Black "Dawson, Alasdair"]
[Result "1-0"]
[WhiteElo "1802"]
[BlackElo "1784"]
[PlyCount "83"]
[EventDate "2014.05.04"]
[EventType "swiss"]
[EventRounds "5"]
[EventCountry "SCO"]

1. d4 d5 2. Nc3 e6 3. Nf3 f5 4. Bf4 c6 5. e3 Nf6 6. Be2 Bd6 7. Ne5 O-O 8. h4
Qc7 9. h5 Nbd7 10. Nd3 e5 11. Bh2 exd4 12. Bxd6 Qxd6 13. exd4 Ne4 14. f4 Nxc3
15. bxc3 b6 16. Rh3 Ba6 17. Ne5 Bxe2 18. Qxe2 Nf6 19. Kf2 Rfe8 20. Kg1 Re6 21.
Qa6 Qc7 22. a4 Rc8 23. Qd3 Ne4 24. c4 Rf6 25. Qb3 Qd6 26. Rd1 Rh6 27. a5 bxa5
28. Rb1 Rf6 29. h6 Nd2 30. Qg3 g6 31. Rb7 Rc7 32. Rb8+ Rf8 33. Rxf8+ Kxf8 34.
Nxg6+ hxg6 35. h7 Rxh7 36. Rxh7 Qf6 37. c3 Nxc4 38. Qh3 a4 39. Rxa7 a3 40. Qh7
Nb6 41. Qc7 Qe6 42. Qg7+ 1-0

[Event "Ayrshire & Arran Chess Congress"]
[Site "Ayr"]
[Date "2014.05.25"]
[Round "5"]
[White "Kleboe, James"]
[Black "Mollison, Jamie"]
[Result "1/2-1/2"]
[WhiteElo "1760"]
[BlackElo "1804"]
[PlyCount "78"]
[EventDate "2014.05.04"]
[EventType "swiss"]
[EventRounds "5"]
[EventCountry "SCO"]

1. e4 e6 2. d4 d5 3. Bd3 dxe4 4. Bxe4 Nf6 5. Bg5 Be7 6. Bd3 Nbd7 7. Nf3 c5 8.
c3 O-O 9. O-O b6 10. Nbd2 Bb7 11. Qe2 h6 12. Bf4 Re8 13. Rfe1 Nh7 14. Bg3 Ndf6
15. Rad1 a6 16. Nb3 cxd4 17. Nbxd4 Qc8 18. Qc2 Nf8 19. Ne5 Nh5 20. f4 Nxg3 21.
hxg3 Bf6 22. Ndf3 Rd8 23. Kh2 Qc5 24. Qe2 b5 25. Qe3 Qxe3 26. Rxe3 Be7 27. Nd4
Rac8 28. Be2 Bc5 29. Red3 f6 30. Nef3 Kf7 31. Nb3 Rxd3 32. Rxd3 Bb6 33. Nfd2
Rd8 34. Rxd8 Bxd8 35. Nc5 Bc8 36. Bf3 Bb6 37. b4 Ke7 38. Ndb3 Nd7 39. Nxd7 Kxd7
1/2-1/2

[Event "Ayrshire & Arran Chess Congress"]
[Site "Ayr"]
[Date "2014.05.25"]
[Round "5"]
[White "Koehn, Lennart"]
[Black "Tsang, Sai Kong"]
[Result "1/2-1/2"]
[WhiteElo "1678"]
[BlackElo "1856"]
[PlyCount "41"]
[EventDate "2014.05.04"]
[EventType "swiss"]
[EventRounds "5"]
[EventCountry "SCO"]

1. e4 c5 2. Nf3 Nc6 3. d4 cxd4 4. Nxd4 d6 5. Nc3 Nf6 6. Be3 Ng4 7. Bc1 Nf6 8.
Be3 g6 9. Bc4 Bg7 10. f3 h5 11. Qd2 Bd7 12. O-O-O a6 13. Bb3 Rc8 14. Nd5 Nxd5
15. Bxd5 Qc7 16. Nxc6 Bxc6 17. Bxc6+ Qxc6 18. c3 b5 19. Kb1 O-O 20. Bh6 Rfd8
21. Bxg7 1/2-1/2

[Event "Ayrshire & Arran Chess Congress"]
[Site "Ayr"]
[Date "2014.05.25"]
[Round "5"]
[White "Pannwitz, Kai"]
[Black "Grant, Alan G"]
[Result "1/2-1/2"]
[WhiteElo "1656"]
[BlackElo "2122"]
[PlyCount "88"]
[EventDate "2014.05.04"]
[EventType "swiss"]
[EventRounds "5"]
[EventCountry "SCO"]

1. d4 Nf6 2. c4 e6 3. Nf3 Bb4+ 4. Bd2 Qe7 5. a3 Bxd2+ 6. Qxd2 a5 7. Nc3 d6 8.
g3 O-O 9. Bg2 e5 10. O-O Re8 11. Rac1 Na6 12. e3 e4 13. Ng5 Bf5 14. Nh3 c6 15.
Nf4 Nc7 16. Qc2 Ne6 17. Rfe1 g5 18. Nxe6 Qxe6 19. Qb3 b5 20. Bf1 b4 21. Na4
Reb8 22. Qc2 Bh3 23. Be2 Ng4 24. Bd1 f5 25. d5 cxd5 26. cxd5 Qh6 27. f3 exf3
28. Bxf3 Ne5 29. Bh1 Qh5 30. Qe2 Bg4 31. Qd2 Nf3+ 32. Bxf3 Bxf3 33. Rf1 Be4 34.
Rc6 Rc8 35. Nb6 Rd8 36. Nxa8 Rxa8 37. Rc7 Rf8 38. Qd4 Qg6 39. Re7 Rc8 40. g4
Rc2 41. gxf5 Qh6 42. Rf2 Rc1+ 43. Rf1 Rc2 44. Rf2 Rc1+ 1/2-1/2

[Event "Ayrshire & Arran Chess Congress"]
[Site "Ayr"]
[Date "2014.05.25"]
[Round "5"]
[White "Marks, Ian"]
[Black "Thomas, Daniel R"]
[Result "1-0"]
[WhiteElo "2040"]
[BlackElo "1758"]
[PlyCount "67"]
[EventDate "2014.05.04"]
[EventType "swiss"]
[EventRounds "5"]
[EventCountry "SCO"]

1. d4 d5 2. Nc3 Nc6 3. e4 e5 4. dxe5 d4 5. Nd5 Be6 6. Nf4 Nxe5 7. Nxe6 fxe6 8.
Qh5+ Nf7 9. Qb5+ c6 10. Qxb7 Ne7 11. Nf3 Nd6 12. Qb3 Nxe4 13. Qxe6 Qa5+ 14. Nd2
Ng5 15. Qc4 Rd8 16. Be2 Rd6 17. O-O Qf5 18. Nf3 Nxf3+ 19. Bxf3 Rg6 20. Kh1 Nd5
21. Bxd5 cxd5 22. Re1+ Kd8 23. Qxd4 Bd6 24. Bd2 Rf8 25. Ba5+ Kc8 26. Qxa7 Qxf2
27. Qa8+ Bb8 28. Qxd5 Rh6 29. Qc4+ Kd7 30. Rad1+ Rd6 31. Rxd6+ Bxd6 32. Qb5+
Kc8 33. Qc6+ Kb8 34. Qxd6+ 1-0

[Event "Ayrshire & Arran Chess Congress"]
[Site "Ayr"]
[Date "2014.05.25"]
[Round "5"]
[White "Livingstone, Jonathan"]
[Black "Jelfs, Alan"]
[Result "0-1"]
[WhiteElo "1656"]
[BlackElo "1922"]
[PlyCount "46"]
[EventDate "2014.05.04"]
[EventType "swiss"]
[EventRounds "5"]
[EventCountry "SCO"]

1. e4 e5 2. Nf3 Nc6 3. Bc4 Nf6 4. a3 Nxe4 5. Bd5 Nf6 6. Bxc6 dxc6 7. Nxe5 Bd6
8. Nc4 O-O 9. O-O Bxh2+ 10. Kxh2 Ng4+ 11. Kg3 Qg5 12. d3 Ne3+ 13. Kf3 Bg4+ 14.
Ke4 Rfe8+ 15. Kd4 Qf6+ 16. Kc5 Nxd1 17. Kb4 b5 18. Ncd2 Nxb2 19. Nc3 Be6 20.
Bxb2 a5+ 21. Kc5 Qe5+ 22. Kxc6 Bd7+ 23. Kxd7 Qd6# 0-1